Co vás stále ještě na Harvardu nenaučí aneb Jak podnikat ještě úspěšněji

Guardado en:
Detalles Bibliográficos
Autor principal: McCormack, Mark H.
Otros Autores: Vaněk, Jiří
Formato: Libro
Lenguaje:checo
Publicado: Praha Prostor 1992
Edición:1. vyd.
Materias:
Etiquetas: Agregar Etiqueta
Sin Etiquetas, Sea el primero en etiquetar este registro!

MARC

LEADER 00000nam a2200000 4500
001 c001919
005 20221214085357.4
020 |a 80-85190-16-8 
041 0 |a cze 
044 |a CZ 
245 1 0 |a Co vás stále ještě na Harvardu nenaučí aneb Jak podnikat ještě úspěšněji  |c Mark H. McCormack ; [Z angl. prel.] Jiří Vaněk 
250 |a 1. vyd. 
264 1 |a Praha  |b Prostor  |c 1992 
300 |a 331 s. 
610 2 0 |a obchod 
610 2 0 |a operácie obchodné 
610 2 0 |a správanie 
610 2 0 |a riadenie podnikové 
610 2 0 |a politika podniková 
610 2 0 |a zamestnanci 
610 2 0 |a náklady 
610 2 0 |a porady 
610 2 0 |a pracovníci vedúci 
610 2 0 |a organizácia práce 
610 2 0 |a komunikácia 
610 2 0 |a podnikanie 
610 2 0 |a úspech pracovný 
610 2 0 |a cesty pracovné 
100 1 |a McCormack, Mark H. 
700 1 |a Vaněk, Jiří